000 00927cam a22002531 4500
001 ca 33000467
003 DLC
005 20260227111128.0
008 791227s1927 dcu 000 0 eng
010 _aca 33000467
035 _a(OCoLC)5825669
040 _aDLC
_cVi
_dDLC
042 _apremarc
050 0 0 _aF303
_b.M85
082 _a973.312
100 1 _aMoore, Robert Walton,
_d1859-1941.
245 0 0 _aAddress of Representative R. Walton Moore
_bof Virginia at York, Pennsylvania, October 14, 1927, at the celebration of the 150th anniversary of the session there of the Continental Congress.
260 _a[Washington?]
_c1927.
300 _a17 numb. l.
_c27 cm.
500 _aCaption title. At head of title: For release the afternoon of Friday, October 14, 1927.
500 _aMimeographed.
610 1 0 _aUnited States.
_bContinental Congress.
651 0 _aUnited States
_xPolitics and government
_y1775-1783.
999 _c17073
_d17073